000 00301nam a2200121Ia 4500
005 20251222152655.0
008 251222s9999||||xx |||||||||||||| ||spa||
082 _a985/D69
100 _aDíaz de G., Jesús Luis
245 0 _aLiberación Campesina en América Latina
264 _bCepla
942 _cLIB
999 _c28593
_d28593